| 000 | 00419nam a2200169Ia 4500 | ||
|---|---|---|---|
| 003 | GCL | ||
| 008 | 140319s9999 xx 000 0 eng d | ||
| 040 |
_aGCL / _cGCL |
||
| 082 | 0 | 4 |
_a708.4 _bC T |
| 100 | 1 | _aCACHIN, FRANCOISE | |
| 245 | 1 | 0 |
_aTREASURES MUSEE D,ARSAY / _cCACHIN, FRANCOISE |
| 300 | _a360P | ||
| 650 | 0 | 4 | _aART MODERN CATALOG |
| 650 | 0 | 4 | _aMUSIC - OSSAY PORIS |
| 650 | 0 | 4 | _aART, FRANCE |
| 942 |
_2ddc _cBK |
||
| 999 |
_c12347 _d12347 |
||